000 00522nam a22001937a 4500
005 20260527124920.0
010 _aENG-142147 ENG-148651
020 _a9789357943628
_c250.00
035 _aEN-125679
035 _aEN-132183
037 _adpl
_bDBAD
082 _aS
100 _aWells, H.G.
245 _aThe War of the Worlds/
_cby H.G.Wells
260 _aNew Delhi
_bV & S Publishers
_c2024
270 _aF-2/16, Ansari Rd, Daryaganj,
_bNew Delhi
_e110002
300 _a167p.:
_c21cm(pb)
942 _2ddc
_cEN
_hS
_mWEL
999 _c206360
_d206360